Eastern Utah Libraries Catalog: Duchesne, Heber, Roosevelt, & Vernal

Veinte mil pulgas de viaje en submarino / (Record no. 399992)

MARC details
000 -LEADER
fixed length control field 02966cam a2200553 i 4500
001 - CONTROL NUMBER
control field sky309643175
003 - CONTROL NUMBER IDENTIFIER
control field SKY
005 - DATE AND TIME OF LATEST TRANSACTION
control field 20240905155049.0
008 - FIXED-LENGTH DATA ELEMENTS--GENERAL INFORMATION
fixed length control field 240227s2024 nyua j 6 000 1 spa d
020 ## - INTERNATIONAL STANDARD BOOK NUMBER
International Standard Book Number 9781339043715
Qualifying information (hardback)
020 ## - INTERNATIONAL STANDARD BOOK NUMBER
International Standard Book Number 1339043718
Qualifying information (hardback)
040 ## - CATALOGING SOURCE
Original cataloging agency IGA
Language of cataloging eng
Description conventions rda
Transcribing agency IGA
Modifying agency JST
-- OCLCO
-- RCL
-- BDX
-- JTH
-- OCLCO
-- OCLCQ
-- SDG
-- SFR
041 1# - LANGUAGE CODE
Language code of text/sound track or separate title spa
Language code of original and/or intermediate translations of text eng
082 04 - DEWEY DECIMAL CLASSIFICATION NUMBER
Classification number 741.5/973
Edition number 23
092 ## - LOCALLY ASSIGNED DEWEY CALL NUMBER (OCLC)
Classification number junior graphic Spanish
Item number Pilkey
099 ## - LOCAL FREE-TEXT CALL NUMBER (OCLC)
Classification number Pilkey, D.
100 1# - MAIN ENTRY--PERSONAL NAME
Personal name Pilkey, Dav,
Dates associated with a name 1966-
9 (RLIN) 26901
240 10 - UNIFORM TITLE
Uniform title <a href="Twenty thousand fleas under the sea.">Twenty thousand fleas under the sea.</a>
Language of a work Spanish.
245 10 - TITLE STATEMENT
Title Veinte mil pulgas de viaje en submarino /
Statement of responsibility, etc escrito e ilustrado por Dav Pilkey, como Jorge Betanzos y Berto Henares ; con color de Jose Garibaldi y Wes Dzioba ; translated by Nuria Molinero.
246 30 - VARYING FORM OF TITLE
Title proper/short title 20,000 pulgas de viaje en submarino.
246 3# - VARYING FORM OF TITLE
Title proper/short title Hombre perro : veinte mil pulgas de viaje en submarino.
246 33 - VARYING FORM OF TITLE
Title proper/short title 20,000 fleas under the sea.
264 #1 - Production, Publication, Distribution, Manufacture, and Copyright Notice.
Place of production, publication, distribution, manufacture New York, NY :
Name of producer, publisher, distributor, manufacturer Graphix, un sello editorial de Scholastic,
Date of production, publication, distribution, manufacture, or copyr 2024.
300 ## - PHYSICAL DESCRIPTION
Extent 237 pages :
Other physical details color illustrations ;
Dimensions 22 cm.
490 1# - SERIES STATEMENT
Series statement Dog man (Graphix (Firm)).
Library of Congress call number Spanish ;
Volume number/sequential designation 11.
490 1# - SERIES STATEMENT
Series statement Hombre perro (Graphix (Firm)) ;
Volume number/sequential designation 11.
500 ## - GENERAL NOTE
General note At head of title: Cuentos Casaenrama presenta con orgullo.
500 ## - GENERAL NOTE
General note Título original: 20,000 fleas under the sea.
500 ## - GENERAL NOTE
General note "El bestseller internacional"--Portada.
504 ## - BIBLIOGRAPHY, ETC. NOTE
Bibliography, etc Includes bibliographical references.
520 ## - SUMMARY, ETC.
Summary, etc Piggy está de vuelta, y su nuevo plan es el más diabólico hasta el momento. ¿QUÉ nuevos villanos hay en el horizonte? ¿DE DÓNDE salieron? Y ¿QUIÉN dará un paso adelante para salvar la ciudad cuando los sinvergüenzas saboteen a nuestros superamigos? Hombre Perro: Veinte mil pulgas de viaje en submarino, con sus temas de amistad y de hacer el bien, está lleno de acción y risas. Incluye un "Mordiscorama", una nueva canción, un ácaro monstruoso y ¡mucho más que antes! ¡ES HERÓICO, ES ÉPICO!
546 ## - LANGUAGE NOTE
Language note Text in Spanish, translated from the English.
650 #0 - SUBJECT ADDED ENTRY--TOPICAL TERM
Topical term or geographic name as entry element Cats
Form subdivision Comic books, strips, etc.
-- Juvenile fiction.
9 (RLIN) 5698324
650 #0 - SUBJECT ADDED ENTRY--TOPICAL TERM
Topical term or geographic name as entry element Dogs
Form subdivision Comic books, strips, etc.
-- Juvenile fiction.
9 (RLIN) 5691199
650 #0 - SUBJECT ADDED ENTRY--TOPICAL TERM
Topical term or geographic name as entry element Police
Form subdivision Comic books, strips, etc.
-- Juvenile fiction.
9 (RLIN) 6438765
655 #7 - INDEX TERM--GENRE/FORM
Genre/form data or focus term Graphic novels
Source of term gsafd.
655 #7 - INDEX TERM--GENRE/FORM
Genre/form data or focus term Novelas gráficas.
Source of term qlsp.
9 (RLIN) 6400337
700 1# - ADDED ENTRY--PERSONAL NAME
Personal name Beard, George
Titles and other words associated with a name (Fictitious character),
Relator term author,
-- illustrator.
9 (RLIN) 6421949
700 1# - ADDED ENTRY--PERSONAL NAME
Personal name Hutchins, Harold
Titles and other words associated with a name (Fictitious character),
Relator term author,
-- illustrator.
9 (RLIN) 6421950
700 1# - ADDED ENTRY--PERSONAL NAME
Personal name Garibaldi, Jose,
Relator term colorist.
9 (RLIN) 5974190
700 1# - ADDED ENTRY--PERSONAL NAME
Personal name Dzioba, Wes,
Relator term colorist.
9 (RLIN) 6394173
700 1# - ADDED ENTRY--PERSONAL NAME
Personal name Molinero, Nuria,
Relator term translator.
800 1# - SERIES ADDED ENTRY--PERSONAL NAME
Personal name Pilkey, Dav,
Dates associated with a name 1966-
Title of a work Dog Man (Graphix (Firm)).
Language of a work Spanish ;
Volume/sequential designation 11.
9 (RLIN) 6493023
800 1# - SERIES ADDED ENTRY--PERSONAL NAME
Personal name Pilkey, Dav,
Dates associated with a name 1966-
Title of a work Hombre perro (Graphix (Firm)) ;
Volume/sequential designation 11.
9 (RLIN) 6493024
942 ## - ADDED ENTRY ELEMENTS (KOHA)
Source of classification or shelving scheme Dewey Decimal Classification
Koha item type BOOK
Holdings
Withdrawn status Lost status Source of classification or shelving scheme Damaged status Not for loan Collection code Home library Current library Shelving location Date acquired Source of acquisition Serial Enumeration / chronology Total Checkouts Total Renewals Full call number Barcode Date last seen Date checked out Cost, replacement price Price effective from Koha item type
    Dewey Decimal Classification     Spanish Junior Graphic Novels Wasatch County Library Wasatch County Library First Floor 09/05/2024 Penworthy #11 Dog Man 5 6 J GN Pilkey 34301002129643 12/31/2025 12/29/2025 14.99 09/05/2024 BOOK
This project was made possible through a grant from the Institute of Museum and Library Service administered by the Utah State Library Division.

Wasatch County Library

  • 465 East 1200 South, Heber City, Utah 84032
  • Phone 435-654-1511 | Fax 435-654-6456

Hours

  • Monday - Friday 9:30 AM - 8:00 PM
  • Saturday 9:30 AM - 1:30 PM
  • Closed Sundays and Holidays